000 00746nam a2200205Ia 4500
003 GCL
008 140319s9999 xx 000 0 ara d
040 _aGCL /
_cGCL
082 0 4 _aق
_b962.15
_bم ق
100 1 _aمحمود يونس
245 1 0 _aقناة السويس ماضيها، حاضرها، مستقبلها /
_cمحمود يونس
260 _aالقاهرة :
_bدار ابو المجد للطباعة ،
_c2006
300 _a480 ص ؛
_c24 سم
650 0 4 _aقناة السويس - اقتصاديات
650 0 4 _aقناة السويس - المرور عبر
650 0 4 _aقناة السويس - تاميم
650 0 4 _aقناة السويس - تاريخ
650 0 4 _aقناة السويس - اغلاق
942 _2ddc
_cBK
999 _c9407
_d9407